Jump to the next longest capital name - Statistics

General Stats
  • This quiz has been taken 101 times
  • The average score is 40 of 75
Answer Stats
Distance Capital % Correct
2769 Yaren T
96%
705 Tarawa P
85%
1757 Palikir M
81%
1317 Quito B
69%
159 Vaduz M
69%
3920 Hanoi T
67%
433 Minsk W
67%
413 Monaco A
67%
477 Warsaw V
67%
169 Accra N
65%
1561 Amman B
65%
728 Bogota C
65%
524 Copenhagen K
65%
611 Helsinki S
65%
916 Niamey Y
65%
1337 Sanaa A
65%
397 Stockholm C
65%
394 Vilnius H
65%
219 Beirut N
63%
1668 Taipei B
63%
2318 Yaren
63%
860 Algiers V
62%
1027 Caracas C
62%
2600 Melekeok S
62%
566 Asmara K
60%
1716 Beijing T
60%
326 Damascus J
60%
218 Jerusalem B
60%
1219 Minsk
60%
404 Minsk
60%
241 Nicosia D
60%
1034 Valletta P
60%
598 Tunis M
58%
903 Islamabad P
56%
834 Podgorica S
56%
3482 Singapore P
56%
3947 Tashkent I
56%
1486 Yaounde S
56%
11521 Bandar Seri Begawan
54%
1142 Phnom Penh N
54%
1805 Sanaa
54%
1802 Kampala L
52%
1585 Lilongwe B
52%
802 Monaco
52%
578 San Marino K
52%
747 Castries K
50%
96 Kingstown B
50%
1306 Nay Pyi Taw K
50%
174 Bridgetown T
48%
1268 Bujumbura L
46%
1934 Kuala Lumpur S
46%
3154 Taipei
46%
248 Port-au-Prince A
44%
17446 Santo Domingo P
44%
660 Sao Tome N
44%
2593 Yamoussoukro P
44%
828 Brazzaville Y
42%
2254 Libreville B
42%
2823 Dhaka T
40%
218 San Salvador S
40%
2986 Tegucigalpa S
40%
4063 Phnom Penh
38%
2120 Santo Domingo
38%
7331 Andorra la Vella B
37%
3528 Kuwait City
37%
1593 N'Djamena L
37%
6196 Port of Spain
37%
4044 Kuwait City
35%
2375 Bratislava K
33%
3359 Kuwait City V
31%
1435 Libreville
31%
7901 Port of Spain S
27%
6928 Andorra la Vella
23%
156 Saint George's A
23%
3474 Vatican City P
23%
No matching quizzes found
Score Distribution
Percent of People with Each Score
Percentile by Number Answered
Your Score History
You have not taken this quiz